000 00868nam0a22002651 4500
001 rc\4947514
005 20250612212706.0
021 _aRU
_bРг2707-69
035 _a(NLR Aleph) 008856366
090 _a8433084
_c8433084
100 _a20130426d1968 |||y0rusy50 ca
101 0 _arus
_akaa
102 _aRU
105 _aa z |||||
200 1 _aСоветская Каракалпакия
_e[Альбом]
_f[Под ред. У. Арзымбетова и Б. Исмайлова]
210 _aМосква
_cИскусство
_d1968
215 _a[159] с.
_cил.
_d27
300 _aТекст парал. на рус. и каракалп. яз.
702 1 _aИсмайлов
_bБ.
_4340
702 1 _aАрзымбетов
_bУ.
_4340
801 0 _aRU
_bNLR
_gpsbo
801 1 _aRU
_bELAR
_2rusmarc
852 _aNLR
_jЭ АлИр1003/2-К211
942 _cBOOK
980 _aNB